000
00308nam a22001457a 4500
008
210511b ||||| |||| 00| 0 eng d
020
_a
2900763757426
041
_a
eng
080
_a
61
082
_a
61
100
_a
4
101
_a
SHM
245
_a
Multicultural Health
_c
Ritter,L.A
942
_2
udc
_c
BK
999
_c
57168
_d
57168